000 00733nam a2200289Ia 4500
005 20260324111756.0
008 008 260324s9999 xx 000 0 eng d
020 _a9781003470861
037 _aEBOOK
040 _aCRL
040 _beng
040 _cCRL
041 _2eng
041 _aeng
084 _qCRL
100 _aVishal Ashok Wankhede; VIMAL K.E.K; Pankaj Sahlot
_91139968
245 0 _aIndustry 4.0 for Manufacturing Systems
245 0 _bConcepts, Technologies, and Applications
260 _bTaylor and Francis
260 _c2025
365 _a
365 _b195
856 _uhttp://www.taylorfrancis.com/books/9781003470861
942 _cEBOOK
999 _c1728887
_d1728887